Normal view
MARC view
Entry Personal Name
001 - CONTROL NUMBER
- control field: 3058
003 - CONTROL NUMBER IDENTIFIER
- control field: BD-RjUL
005 - DATE AND TIME OF LATEST TRANSACTION
- control field: 20220518153332.0
008 - FIXED-LENGTH DATA ELEMENTS
- fixed length control field: 220518|| aca||aabn | a|a d
040 ## - CATALOGING SOURCE
- Original cataloging agency: BD-RjUL
- Transcribing agency: BD-RjUL
100 ## - HEADING--PERSONAL NAME
- Personal name: Majid, Md. A
670 ## - SOURCE DATA FOUND
- Source citation: Work cat.: (BD-RjUL)79817: Majid, Md. A., Effect of Defferent water stress on the Physio-Morphological and Grain yield of Breed Wheat (Triticum aestivum) Cultivar ;, 2011